Hinduistyczne państwa - Statystyki

Ogólne statystyki
  • Ten quiz został rozwiązany 2 121 razy
  • Średni wynik to 6 z 12
Statystyki odpowiedzi
% Kontynent Odpowiedź % Poprawnych
79,8 Azja Indie
100%
81,3 Azja Nepal
85%
23,8 Azja Bhutan
75%
12,6 Azja Sri Lanka
71%
27,9 Oceania Fidżi
40%
24,9 Ameryki Surinam
34%
24,9 Ameryki Gujana
33%
50,6 Afryka Mauritius
33%
12,5 Azja Zjednoczone Emiraty Arabskie
27%
15,1 Azja Katar
26%
18,2 Ameryki Trynidad i Tobago
25%
12,0 Azja Kuwejt
24%
Nie znaleziono quizów pasujących do podanych kryteriów
Rozkład punktacji
Procent ludzi z każdym wynikiem
Percentyl według liczby udzielonych odpowiedzi
Twoja historia wyników
Nie rozwiązałeś tego quizu